000 00699nam a2200229 a 4500
005 20210219152844.0
008 991125n 000 0 spa u
035 _aUPN01000063444
100 _aAlvarez Quinones, Roberto
222 _aEDUCACION :
_bCOLECCION SEMESTRAL DE APORTACIONES ALEMANAS RECIENTES EN LAS CIENCIAS PEDAGOGICAS
245 _aAlfabetismo funcional y crisis educacional
300 _a98-103
362 _a1989 Año 19, no. 74 jul.-sep.
653 0 _aALFABETIZACION
653 0 _aANALFABETISMO
653 0 _aCRISIS EDUCATIVA
653 0 _aEDUCACION
653 0 _aEDUCACION PUBLICA
653 0 _aESTADOS UNIDOS DE AMERICA
904 _aAC
_b001255
905 _aArticulo
999 _c62103
_d62103